000 00647nam a2200205 a 4500
005 20220520063737.0
008 991125s1994 mx 000 0 spa u
020 _a9684127790
035 _aUPN01000027737
049 _aLT
050 4 _aLB1641 M6.1
_bH57
245 0 0 _aHistoria 1 :
_bprimer año de secundaria /
_cJosé Luis Ruiz de Esparza... [et al.]
260 _aMéxico :
_bEsfinge,
_c1994
300 _a176 p. :
_bil.
500 _a"Conforme a los programas oficiales vigentes"
650 4 _aHistoria
_xEstudio y enseñanza (Secundaria)
_95248
700 2 _aRuiz de Esparza, José Luis,
_ecoaut.
904 _aAC
_b027738
905 _aLibro
999 _c27737
_d27737